00654nam a2200169 a 450000100100000000500170001000800410002702000150006804000250008308200150010810000480012324000350017124501690020626000400037530000280041570000410044300003564220200930074509.0111107s1975 sp a 000 0 spa d a8420622001 aDO-SdBNPbspacBNPHU axxxbS642p1 aSmith, C. U. M.q(Christopher Upham Murray)13aThe problem of lifelespañol13aEl problema de la vida :b(Ensayo sobre los orígenes del pensamiento biológico) /cC. U. M. Smith ; versión española de Natividad Sánchez Sainz-Trápaga. aMadrid :bAlianza Editorial,c1975. a448 p. :bil. ;c20 cm.1 aSánchez Sainz-Trápaga, Natividad